000 00213 a2200097 4500
001 48470
100 _aHuxley, A
245 _aBeyond the mexique bay
260 _aLondon
_bChatto windus
_c
090 _c31406
_d31406
942 _aNUST-CAE
_cM
_c23788
999 _c283543
_d283543